000
00324nam a22001337a 4500
041
_a
ENG
100
_a
Kannaiyan.S
245
_a
Envisioning Agricultural Education In India
260
_a
New Delhi
_b
Associated Publishing Companv
_c
400
300
_a
225
650
_a
EOES
700
_a
Gopalam .A
856
_u
EOES ( 12 )
999
_c
1197
_d
1197